[Event "20th WCh U20 Girls"]
[Site "Panaji IND"]
[Date "2002.12.18"]
[Round "11"]
[White "Kavitha, J. E."]
[Black "Nimmy, A. G."]
[Result "1-0"]
[WhiteElo "2064"]
[BlackElo "2004"]
[EventDate "2002.12.09"]
[PlyCount "115"]

1.e4 e5 2.Nf3 Nc6 3.Bb5 a6 4.Ba4 Nf6 5.O-O Nxe4 6.d4 b5 7.Bb3 d5 8.dxe5 
Be6 9.c3 Nc5 10.Bc2 Bg4 11.Re1 Be7 12.Nbd2 Qd7 13.Nf1 Bh5 14.Ng3 Bg6 15.h4
Rd8 16.b4 Ne6 17.a3 d4 18.h5 Bxc2 19.Qxc2 h6 20.Nf5 dxc3 21.Qxc3 Nb8 22.
Nxg7+ Kf8 23.Nf5 Qd3 24.Qxd3 Rxd3 25.Bxh6+ Ke8 26.Red1 Rc3 27.Bd2 Rc4 28.
h6 Nd7 29.Rac1 Nb6 30.g3 Re4 31.Re1 Rxe1+ 32.Rxe1 Nc4 33.Bc1 c5 34.Nd2 
cxb4 35.Nxc4 bxc4 36.Nxe7 Kxe7 37.axb4 c3 38.Be3 Rc8 39.Rc1 Kf8 40.Bc5+ 
Kg8 41.Rxc3 a5 42.f4 Kh7 43.f5 axb4 44.Bxb4 Rxc3 45.Bxc3 Ng5 46.Bb2 Ne4 
47.Kg2 Kxh6 48.Kf3 Nd2+ 49.Kf4 Nc4 50.Bd4 Kg7 51.e6+ Kf8 52.Bc5+ Ke8 53.
exf7+ Kxf7 54.g4 Nb2 55.Bd4 Nc4 56.g5 Nd6 57.g6+ Kg8 58.f6 1-0

[Event "20th WCh U20 Girls"]
[Site "Panaji IND"]
[Date "2002.12.19"]
[Round "12"]
[White "Kosintseva, Tatiana"]
[Black "Prathiba, Yuvarajan"]
[Result "1-0"]
[WhiteElo "2427"]
[BlackElo "2223"]
[EventDate "2002.12.09"]
[PlyCount "105"]

1.e4 d5 2.exd5 Qxd5 3.Nc3 Qa5 4.d4 Nf6 5.Nf3 c6 6.Bc4 Bf5 7.Qe2 e6 8.Ne5 
Bb4 9.Bd2 Nd5 10.Bxd5 cxd5 11.Qb5+ Qxb5 12.Nxb5 Bxd2+ 13.Kxd2 f6 14.g4 Be4
15.f3 fxe5 16.fxe4 Na6 17.Nd6+ Ke7 18.dxe5 Nc5 19.exd5 exd5 20.Ke3 Raf8 
21.Rhf1 Ne4 22.Nxe4 dxe4 23.c3 Rc8 24.Rf4 Ke6 25.Rxe4 Rcd8 26.Rf1 Rd5 27.
c4 Rd7 28.Rd4 Rxd4 29.Kxd4 Rd8+ 30.Kc3 Rd7 31.Re1 Rf7 32.Re3 Rf2 33.h3 Rf1
34.b4 Rc1+ 35.Kd4 Rd1+ 36.Kc5 Rd8 37.a4 Rc8+ 38.Kd4 Rd8+ 39.Kc3 Rd1 40.c5 
Ra1 41.Kb3 a6 42.b5 axb5 43.axb5 Rc1 44.Kb4 Rc2 45.Rc3 Rb2+ 46.Ka5 Kd7 47.
Kb6 Rb1 48.Ra3 Ke6 49.Ra7 Rb3 50.Rxb7 Rxh3 51.Rxg7 Kxe5 52.c6 Kf6 53.c7 
1-0

[Event "20th WCh U20 Girls"]
[Site "Panaji IND"]
[Date "2002.12.19"]
[Round "12"]
[White "Harika, Dronavalli"]
[Black "Kosintseva, Nadezhda"]
[Result "1/2-1/2"]
[WhiteElo "2248"]
[BlackElo "2388"]
[EventDate "2002.12.09"]
[PlyCount "129"]

1.Nf3 f5 2.g3 Nf6 3.Bg2 g6 4.c4 Bg7 5.Nc3 O-O 6.O-O d6 7.d4 Na6 8.Rb1 c5 
9.d5 Nc7 10.b3 Rb8 11.Bb2 a6 12.e3 b5 13.Nd2 Qe8 14.Qc2 Qf7 15.Ne2 e5 16.
dxe6 Nxe6 17.Nf4 Nxf4 18.exf4 Bb7 19.Rbd1 Bxg2 20.Kxg2 Qb7+ 21.Kg1 Rfe8 
22.Rfe1 Rxe1+ 23.Rxe1 Re8 24.Rxe8+ Nxe8 25.Bxg7 Nxg7 26.Qd3 Qc6 27.Qf3 
Qxf3 28.Nxf3 Ne8 29.Nd2 Kf7 30.Kf1 Ke6 31.Ke2 d5 32.cxd5+ Kxd5 33.Kd3 Nd6 
34.f3 c4+ 35.Kc3 cxb3 36.axb3 a5 37.Nf1 Kc5 38.Ne3 a4 39.b4+ Kc6 40.Nc2 
Ne8 41.Nd4+ Kb6 42.Kb2 Nc7 43.g4 Nd5 44.gxf5 gxf5 45.Ka3 Ne3 46.Ka2 Ka6 
47.Kb2 Nc4+ 48.Kc3 Nd6 49.Nc2 Kb6 50.Na3 Kc6 51.Kd4 Nc8 52.Ke5 Nd6 53.Kd4 
Kd7 54.Kc5 Ke7 55.Nc2 Ke6 56.Na3 Ke7 57.Nc2 h6 58.Na3 h5 59.h4 Kd7 60.Nc2 
Ke7 61.Na3 Ke6 62.Nc2 Kd7 63.Na3 Kc7 64.Nc2 Kd7 65.Na3 1/2-1/2

[Event "20th WCh U20 Girls"]
[Site "Panaji IND"]
[Date "2002.12.19"]
[Round "12"]
[White "Zhao Xue"]
[Black "Makka, Ioulia"]
[Result "1-0"]
[WhiteElo "2367"]
[BlackElo "2257"]
[EventDate "2002.12.09"]
[PlyCount "63"]

1.d4 d5 2.c4 c6 3.Nf3 Nf6 4.Qc2 g6 5.Bf4 dxc4 6.Qxc4 Bg7 7.Nc3 O-O 8.e4 b5
9.Qb3 Qa5 10.Bd3 Be6 11.Qd1 b4 12.Nb1 Rd8 13.Nbd2 h6 14.h3 Qb6 15.Be3 Qb7 
16.Nb3 Bxb3 17.axb3 Nbd7 18.Qc2 Ne8 19.e5 Nc7 20.O-O e6 21.Rfc1 Nb8 22.Qd2
Kh7 23.h4 h5 24.Ng5+ Kg8 25.Qc2 Nd5 26.Bxg6 fxg6 27.Qxg6 Qe7 28.Nxe6 Rd7 
29.Ng5 Rb7 30.Ra5 Nb6 31.e6 Nc8 32.Rf5 1-0

[Event "20th WCh U20 Girls"]
[Site "Panaji IND"]
[Date "2002.12.19"]
[Round "12"]
[White "Pogonina, Natalia"]
[Black "Karavade, Eesha"]
[Result "1/2-1/2"]
[WhiteElo "2397"]
[BlackElo "2171"]
[EventDate "2002.12.09"]
[PlyCount "155"]

1.e4 c5 2.Nf3 d6 3.d4 cxd4 4.Nxd4 Nf6 5.Nc3 a6 6.Be2 e5 7.Nb3 Be7 8.Be3 
Be6 9.Nd5 Nbd7 10.Qd3 Bxd5 11.exd5 O-O 12.O-O Nc5 13.Nxc5 dxc5 14.Rad1 Qd6
15.c4 Nd7 16.f4 f5 17.fxe5 Nxe5 18.Qc2 g6 19.b4 b6 20.bxc5 bxc5 21.Rb1 
Rfb8 22.h3 Qc7 23.Qc3 Bd6 24.a3 Nf7 25.Bd3 Be5 26.Qc2 Nd6 27.Qf2 Rxb1 28.
Rxb1 Rc8 29.Kh1 f4 30.Bd2 Rf8 31.Qf3 Kg7 32.Re1 Nf7 33.Qg4 Qd6 34.Rb1 Rb8 
35.Qd1 Rxb1 36.Bxb1 Qb6 37.Qc2 Kg8 38.Ba2 Kg7 39.Bb3 Qf6 40.Qd3 Nd6 41.Qf3
Nf7 42.Bc2 Nd6 43.Bd3 Nf7 44.Qg4 Qd6 45.a4 h5 46.Qd1 Qf6 47.Qf3 Ng5 48.Qf2
Qd6 49.a5 Nf7 50.Qg1 Bd4 51.Qf1 Be5 52.Qb1 Bd4 53.Qb6 g5 54.h4 Qf6 55.Be2 
Bf2 56.Qxf6+ Kxf6 57.Bxh5 Bxh4 58.Bc3+ Ke7 59.Bxf7 Kxf7 60.Kg1 Ke7 61.Kf1 
g4 62.Be5 f3 63.Bf4 Kd7 64.gxf3 gxf3 65.Be3 Kd6 66.Bf2 Bf6 67.Bg3+ Kd7 68.
Kf2 Bc3 69.Kxf3 Bxa5 70.Ke4 Bb4 71.d6 Bc3 72.Kd5 Bd4 73.Be1 Bg1 74.Ba5 Bh2
75.Bc7 a5 76.Kxc5 a4 77.Kb4 Bxd6+ 78.Bxd6 1/2-1/2

[Event "20th WCh U20 Girls"]
[Site "Panaji IND"]
[Date "2002.12.19"]
[Round "12"]
[White "Ubiennykh, Ekaterina"]
[Black "Tian Tian"]
[Result "1-0"]
[WhiteElo "2210"]
[BlackElo "2311"]
[EventDate "2002.12.09"]
[PlyCount "87"]

1.e4 c6 2.d4 d5 3.Nc3 dxe4 4.Nxe4 Nd7 5.Ng5 Ngf6 6.Bd3 e6 7.Qe2 Bd6 8.N1f3
h6 9.Ne4 Nxe4 10.Qxe4 Qc7 11.Bd2 c5 12.Qe2 Nf6 13.O-O-O Bd7 14.dxc5 Bxc5 
15.Ne5 Bc6 16.Bc4 O-O 17.Nxc6 bxc6 18.g4 Bd4 19.h4 Qe5 20.Qxe5 Bxe5 21.g5 
Ne4 22.Be3 Rab8 23.c3 Nd6 24.Bd3 hxg5 25.hxg5 Nf5 26.Bxf5 exf5 27.f4 Bc7 
28.Rh4 Rfd8 29.Rdh1 Kf8 30.Bc5+ Ke8 31.Re1+ Kd7 32.Re7+ Kc8 33.Rxf7 Rd7 
34.Rh8+ Bd8 35.Rxd7 Kxd7 36.Bxa7 Ra8 37.Bb6 Bxb6 38.Rxa8 Be3+ 39.Kd1 Bxf4 
40.Ke2 Bxg5 41.Ra7+ Kd6 42.Rxg7 Bc1 43.b3 Kd5 44.a4 1-0

[Event "20th WCh U20 Girls"]
[Site "Panaji IND"]
[Date "2002.12.19"]
[Round "12"]
[White "Tania, Sachdev"]
[Black "Calotescu, Ana-Cristina"]
[Result "1/2-1/2"]
[WhiteElo "2189"]
[BlackElo "2324"]
[EventDate "2002.12.09"]
[PlyCount "57"]

1.e4 c5 2.Nf3 d6 3.d4 Nf6 4.Nc3 cxd4 5.Nxd4 a6 6.Bc4 e6 7.Bb3 b5 8.O-O Be7
9.Qf3 Qc7 10.Qg3 O-O 11.Bh6 Ne8 12.Rad1 Bd7 13.a3 Bf6 14.Bg5 Bxg5 15.Qxg5 
Qc5 16.Qg3 Nc6 17.Nxc6 Bxc6 18.Rfe1 a5 19.e5 d5 20.Qe3 Qxe3 21.Rxe3 Nc7 
22.Ne2 Na6 23.Nd4 Rfc8 24.c3 Rab8 25.Bc2 b4 26.axb4 axb4 27.Ra1 Ra8 28.f4 
Bd7 29.g4 1/2-1/2

[Event "20th WCh U20 Girls"]
[Site "Panaji IND"]
[Date "2002.12.19"]
[Round "12"]
[White "Chandra, Koneru"]
[Black "Jackova, Jana"]
[Result "1/2-1/2"]
[WhiteElo "2086"]
[BlackElo "2361"]
[EventDate "2002.12.09"]
[PlyCount "48"]

1.d4 d5 2.Nf3 Nf6 3.c4 e6 4.Nc3 Bb4 5.e3 Ne4 6.Bd2 Nxd2 7.Qxd2 O-O 8.a3 
Be7 9.Rc1 c6 10.Bd3 Nd7 11.O-O Nb6 12.c5 Nd7 13.b4 b6 14.e4 a5 15.exd5 
exd5 16.b5 Bb7 17.Na4 Rc8 18.Nxb6 Nxb6 19.cxb6 Qxb6 20.bxc6 Bxc6 21.Bf5 
Rc7 22.Ne5 g6 23.Rxc6 Rxc6 24.Rb1 Qc7 1/2-1/2

[Event "20th WCh U20 Girls"]
[Site "Panaji IND"]
[Date "2002.12.19"]
[Round "12"]
[White "Priyadarshini, M."]
[Black "Khasanova, Elmira"]
[Result "1-0"]
[WhiteElo "2097"]
[BlackElo "2325"]
[EventDate "2002.12.09"]
[PlyCount "101"]

1.c4 g6 2.Nc3 Bg7 3.g3 f5 4.Bg2 Nf6 5.e3 e5 6.d3 O-O 7.Nge2 d6 8.O-O Nc6 
9.Rb1 g5 10.f4 gxf4 11.exf4 h5 12.fxe5 Nxe5 13.b3 c6 14.Nf4 h4 15.d4 hxg3 
16.hxg3 Neg4 17.Qd3 Qe8 18.Bd2 Bd7 19.Rbe1 Qf7 20.Nce2 Rfe8 21.Nc3 Nh7 22.
Nh3 Qh5 23.Ne2 Nhf6 24.Nef4 Qh8 25.Ng6 Qh7 26.Nh4 Ne4 27.Ng5 Nxg5 28.Bxg5 
Qh5 29.Bf4 Bh6 30.Bxh6 Qxh6 31.Bh3 f4 32.Rxe8+ Rxe8 33.Bxg4 Bxg4 34.Rxf4 
Re1+ 35.Kf2 Re2+ 36.Kf1 Bh5 37.Qf5 Rxa2 38.Qc8+ Kh7 39.Qxb7+ Kg8 40.Qc8+ 
Kh7 41.Qf5+ Kg8 42.g4 Be8 43.g5 Qg7 44.Qe6+ Bf7 45.Qc8+ Kh7 46.Qf5+ Bg6 
47.Nxg6 Ra1+ 48.Kf2 Qxg6 49.Qd7+ Kg8 50.Qd8+ Kh7 51.Qe7+ 1-0

[Event "20th WCh U20 Girls"]
[Site "Panaji IND"]
[Date "2002.12.19"]
[Round "12"]
[White "Delphin, C."]
[Black "Matras, Agnieszka"]
[Result "1-0"]
[WhiteElo "2084"]
[BlackElo "2247"]
[EventDate "2002.12.09"]
[PlyCount "79"]

1.e4 b6 2.d4 Bb7 3.Bd3 e6 4.Ne2 Nf6 5.Nbc3 d6 6.O-O Be7 7.Ng3 Nbd7 8.Be3 
O-O 9.f4 e5 10.Nf5 exd4 11.Bxd4 c5 12.e5 cxd4 13.exf6 Bxf6 14.Ne4 Nc5 15.
Nfxd6 Nxd3 16.Nxb7 Nxb2 17.Qc1 Qe7 18.Nxf6+ Qxf6 19.Qxb2 Rab8 20.Rad1 Rxb7
21.Qxd4 Qxd4+ 22.Rxd4 Rc7 23.Rf2 Rfc8 24.Rfd2 Kf8 25.Ra4 a5 26.Rd6 Rc6 27.
Rad4 Rxc2 28.a4 Rb2 29.h3 g6 30.Rd8+ Rxd8 31.Rxd8+ Ke7 32.Rb8 h5 33.Rb7+ 
Ke6 34.g3 f6 35.Rc7 Kf5 36.Rc6 g5 37.fxg5 Kxg5 38.Rd6 Rb4 39.Kg2 f5 40.h4+
1-0

[Event "20th WCh U20 Girls"]
[Site "Panaji IND"]
[Date "2002.12.19"]
[Round "12"]
[White "Churun, Polina"]
[Black "Milliet, Sophie"]
[Result "0-1"]
[WhiteElo "2162"]
[BlackElo "2164"]
[EventDate "2002.12.09"]
[PlyCount "44"]

1.e4 c6 2.d4 d5 3.Nc3 g6 4.Nf3 Bg7 5.h3 dxe4 6.Nxe4 Nd7 7.Bc4 Ngf6 8.Nxf6+
Nxf6 9.O-O O-O 10.Re1 Qc7 11.Qe2 Re8 12.Ne5 Nd5 13.Qf3 Be6 14.c3 Rad8 15.
Nd3 Bf5 16.Nf4 e5 17.dxe5 Bxe5 18.Nxd5 cxd5 19.Bxd5 Bh2+ 20.Kf1 Rxe1+ 21.
Kxe1 Qe5+ 22.Be3 Rxd5 0-1

[Event "20th WCh U20 Girls"]
[Site "Panaji IND"]
[Date "2002.12.19"]
[Round "12"]
[White "Anuprita, Patil"]
[Black "Kurbanova, Maygozel"]
[Result "1-0"]
[WhiteElo "2093"]
[BlackElo "2147"]
[EventDate "2002.12.09"]
[PlyCount "75"]

1.b3 Nf6 2.Bb2 g6 3.c4 Bg7 4.Nf3 d6 5.d4 O-O 6.Nc3 Bf5 7.e3 Nbd7 8.Nh4 e6 
9.Be2 Ne4 10.Nxe4 Qxh4 11.Nd2 Nf6 12.Nf3 Qh6 13.O-O g5 14.Nd2 Qg6 15.f3 d5
16.Rc1 c6 17.Rc3 Qh6 18.e4 Bg6 19.e5 Nd7 20.cxd5 exd5 21.f4 gxf4 22.Rh3 
Qg5 23.Nf3 Qe7 24.Bd3 f6 25.Bxg6 hxg6 26.Nh4 Qe8 27.e6 Qxe6 28.Nxg6 Rfe8 
29.Nxf4 Qe4 30.Qg4 f5 31.Qg5 Nf6 32.Rg3 Qe7 33.Qxf5 Qd7 34.Qxf6 Kh8 35.
Ng6+ Kg8 36.Ne5 Qe7 37.Qf7+ Qxf7 38.Rxf7 1-0

[Event "20th WCh U20 Girls"]
[Site "Panaji IND"]
[Date "2002.12.19"]
[Round "12"]
[White "Savic, Marijana"]
[Black "Soumya, Swaminathan"]
[Result "1/2-1/2"]
[WhiteElo "2141"]
[BlackElo "2095"]
[EventDate "2002.12.09"]
[PlyCount "61"]

1.e4 c5 2.Nf3 e6 3.d3 Nc6 4.g3 g6 5.Bg2 Bg7 6.O-O Nge7 7.c3 d5 8.Nbd2 Rb8 
9.Re1 dxe4 10.dxe4 Qc7 11.a4 O-O 12.Qe2 e5 13.Nc4 b6 14.Qc2 Be6 15.Bf1 h6 
16.Be3 f5 17.exf5 Nxf5 18.Nfd2 Qf7 19.f3 Nxe3 20.Rxe3 Rbd8 21.Rae1 h5 22.
Bd3 Bf5 23.Be4 Bxe4 24.Rxe4 Rd7 25.f4 Qf5 26.fxe5 Nxe5 27.Rf1 Qg5 28.Qb3 
Rxf1+ 29.Nxf1 Nxc4 30.Qxc4+ Rf7 31.Rf4 1/2-1/2

[Event "20th WCh U20 Girls"]
[Site "Panaji IND"]
[Date "2002.12.19"]
[Round "12"]
[White "Priya Panneer, Ramachandran"]
[Black "Holusova, Tana"]
[Result "1/2-1/2"]
[WhiteElo "2106"]
[BlackElo "2106"]
[EventDate "2002.12.09"]
[PlyCount "34"]

1.e4 e6 2.d3 d5 3.Nd2 Nf6 4.g3 b6 5.Bg2 Be7 6.Ngf3 Bb7 7.Qe2 c5 8.e5 Nfd7 
9.O-O Nc6 10.c3 Qc7 11.Re1 O-O 12.h4 b5 13.Nf1 Rfe8 14.Bf4 Qa5 15.Bd2 Qc7 
16.Bf4 Qa5 17.Bd2 Qc7 1/2-1/2

[Event "20th WCh U20 Girls"]
[Site "Panaji IND"]
[Date "2002.12.19"]
[Round "12"]
[White "Kasturi, M."]
[Black "Rajadharshini, M."]
[Result "1/2-1/2"]
[WhiteElo "2158"]
[BlackElo "2045"]
[EventDate "2002.12.09"]
[PlyCount "63"]

1.e4 c6 2.d4 d5 3.exd5 cxd5 4.c4 dxc4 5.Bxc4 Qc7 6.Qb3 e6 7.Nf3 Nf6 8.O-O 
Be7 9.Nc3 a6 10.a3 O-O 11.Bg5 b5 12.Bd3 Bb7 13.Ne5 Nc6 14.Nf3 Ng4 15.g3 
Nxd4 16.Nxd4 Bxg5 17.Nxe6 Qc6 18.Be4 Qxe6 19.Qxe6 fxe6 20.Bxb7 Ra7 21.Bg2 
e5 22.Bd5+ Kh8 23.h3 Nf6 24.Rad1 Rd8 25.Rfe1 Nxd5 26.Rxd5 Rxd5 27.Nxd5 Bf6
28.f4 Rd7 29.Nxf6 gxf6 30.fxe5 fxe5 31.Rxe5 Rd2 32.Re6 1/2-1/2

[Event "20th WCh U20 Girls"]
[Site "Panaji IND"]
[Date "2002.12.19"]
[Round "12"]
[White "Nilavoli, Hariharan"]
[Black "Drljevic, Ljilja"]
[Result "1-0"]
[WhiteElo "2064"]
[BlackElo "2139"]
[EventDate "2002.12.09"]
[PlyCount "73"]

1.e4 d6 2.d4 Nf6 3.Nc3 g6 4.Nf3 Bg7 5.Be2 O-O 6.O-O Nbd7 7.e5 Ne8 8.Bg5 f6
9.exf6 exf6 10.Be3 c6 11.d5 c5 12.Qd2 Bh8 13.Rae1 a6 14.a4 Rb8 15.h4 Ng7 
16.Bf4 Ne5 17.Nxe5 fxe5 18.Bg5 Qc7 19.g4 Bd7 20.Ne4 Ne8 21.b3 Nf6 22.f3 b5
23.axb5 axb5 24.Kg2 Rb6 25.Rh1 Qc8 26.Nxf6+ Bxf6 27.h5 e4 28.Bxf6 exf3+ 
29.Bxf3 Rxf6 30.g5 Rf7 31.hxg6 hxg6 32.Qc3 Rg7 33.Re7 Bh3+ 34.Rxh3 Qxh3+ 
35.Kxh3 Rxe7 36.Qf6 Rf7 37.Qd8+ 1-0

[Event "20th WCh U20 Girls"]
[Site "Panaji IND"]
[Date "2002.12.19"]
[Round "12"]
[White "Lapinskaite, Sarune"]
[Black "Anoori, Mehul Shah"]
[Result "0-1"]
[WhiteElo "2034"]
[BlackElo "2109"]
[EventDate "2002.12.09"]
[PlyCount "110"]

1.e4 c5 2.Nf3 d6 3.d4 cxd4 4.Nxd4 Nf6 5.Nc3 a6 6.Be3 e6 7.f3 Be7 8.Bc4 Qc7
9.Bb3 Nc6 10.Qd2 b5 11.O-O-O Bb7 12.g4 Nxd4 13.Bxd4 O-O 14.g5 Nd7 15.h4 
Ne5 16.Qf2 Nc4 17.Rdg1 Rfc8 18.Qe1 d5 19.Be3 Nxe3 20.Qxe3 Bc5 21.Qd2 Bxg1 
22.Rxg1 dxe4 23.Nxe4 Bxe4 24.fxe4 Rd8 25.Qe3 Qh2 26.g6 hxg6 27.Qg5 Qe2 28.
e5 Qh5 29.Qg3 Rd4 30.Rh1 Qg4 31.Qe1 Qe4 32.Qf2 Qf4+ 33.Qxf4 Rxf4 34.h5 
gxh5 35.Rxh5 Rf5 36.Rxf5 exf5 37.e6 fxe6 38.Bxe6+ Kf8 39.Bxf5 Ke7 40.Kd2 
Rf8 41.Bd3 Rf6 42.Ke3 g5 43.c4 bxc4 44.Bxc4 g4 45.Bd5 g3 46.Bf3 a5 47.b3 
Kd6 48.a3 Kc5 49.b4+ axb4 50.axb4+ Kxb4 51.Ke2 Kc3 52.Ke3 Rf7 53.Ke2 Kd4 
54.Ba8 Rf2+ 55.Ke1 Ke3 0-1

[Event "20th WCh U20 Girls"]
[Site "Panaji IND"]
[Date "2002.12.19"]
[Round "12"]
[White "Bjerke, Silje"]
[Black "Kavitha, J. E."]
[Result "1/2-1/2"]
[WhiteElo "2065"]
[BlackElo "2064"]
[EventDate "2002.12.09"]
[PlyCount "111"]

1.d4 Nf6 2.c4 e6 3.Nc3 Bb4 4.Qc2 O-O 5.a3 Bxc3+ 6.Qxc3 b6 7.Bg5 Bb7 8.f3 
h6 9.Bh4 d5 10.e3 c5 11.dxc5 bxc5 12.Bxf6 Qxf6 13.Qxf6 gxf6 14.cxd5 exd5 
15.Rc1 Rc8 16.Bb5 Ba6 17.Ba4 Bd3 18.Nh3 Ba6 19.Nf4 Bb7 20.O-O Na6 21.Rfd1 
Rd8 22.Bb5 d4 23.e4 Rac8 24.Nd3 Nc7 25.Rxc5 Nxb5 26.Rxb5 Ba6 27.Rc5 Bxd3 
28.Rxc8 Rxc8 29.Rxd3 Rc1+ 30.Kf2 Rc2+ 31.Kg3 Rxb2 32.Rxd4 Rb7 33.Ra4 Kg7 
34.h4 Kg6 35.Ra6 Re7 36.Kg4 Kg7 37.h5 Re5 38.f4 Rxe4 39.Rxa7 Re2 40.g3 Re3
41.a4 Rc3 42.a5 Ra3 43.a6 Ra5 44.Ra8 Kh7 45.Kf3 Ra4 46.g4 Kg7 47.a7 Kh7 
48.Ke3 Kg7 49.Kd3 Ra1 50.Ke4 Ra4+ 51.Kf3 Ra3+ 52.Kg2 Kh7 53.Rd8 Rxa7 54.
Rd6 Kg7 55.Kf3 Re7 56.Ra6 1/2-1/2

[Event "20th WCh U20 Girls"]
[Site "Panaji IND"]
[Date "2002.12.19"]
[Round "12"]
[White "Rajalakshmi, C. V."]
[Black "Vinuthna, N."]
[Result "1/2-1/2"]
[WhiteElo "2018"]
[BlackElo "2089"]
[EventDate "2002.12.09"]
[PlyCount "104"]

1.f4 Nf6 2.Nf3 g6 3.b3 Bg7 4.Bb2 O-O 5.e3 d5 6.Be2 c5 7.O-O Nc6 8.Ne5 Qc7 
9.Nxc6 Qxc6 10.Be5 b6 11.Bf3 Bb7 12.d3 Rad8 13.Nd2 Qc8 14.Qe2 e6 15.Qf2 
Nd7 16.Bxg7 Kxg7 17.e4 dxe4 18.Bxe4 Nf6 19.Rad1 Rd4 20.Bxb7 Qxb7 21.a4 
Rfd8 22.Rde1 Nd5 23.Re4 Nb4 24.Rxd4 cxd4 25.Nf3 Qd5 26.Re1 Qc5 27.Re2 Rd5 
28.Ng5 h6 29.Nf3 Rd6 30.g3 Nd5 31.Ne1 Ne3 32.Ng2 Ng4 33.Qf3 Nf6 34.Ne1 h5 
35.h3 Rd5 36.Rf2 Qd6 37.Kg2 Rc5 38.Re2 Nd5 39.Kg1 Ne3 40.c4 a5 41.Nc2 Nxc2
42.Rxc2 Rc7 43.Qe4 Rd7 44.Rb2 Qb4 45.Kg2 Qc5 46.Qe2 Qb4 47.Qe5+ Kh7 48.Kf3
Qa3 49.Qe2 Qc5 50.Rb1 Rd8 51.Qe5 Qc6+ 52.Qe4 Qxe4+ 1/2-1/2

[Event "20th WCh U20 Girls"]
[Site "Panaji IND"]
[Date "2002.12.19"]
[Round "12"]
[White "Nimmy, A. G."]
[Black "Nabeela, Farheen"]
[Result "1/2-1/2"]
[WhiteElo "2004"]
[BlackElo "2067"]
[EventDate "2002.12.09"]
[PlyCount "78"]

1.e4 b6 2.d4 Bb7 3.Nc3 e6 4.Nf3 Nf6 5.e5 Ne4 6.Nxe4 Bxe4 7.Bd3 Bb7 8.O-O 
Be7 9.Be3 O-O 10.Nd2 f5 11.exf6 Bxf6 12.Qh5 g6 13.Qg4 Nc6 14.Bh6 Rf7 15.c3
Ne7 16.Ne4 Nf5 17.Nxf6+ Qxf6 18.Bg5 Qg7 19.Rae1 Raf8 20.Qh3 h5 21.Rd1 Nd6 
22.Qe3 Nf5 23.Qd2 Kh7 24.Qe2 Kg8 25.Qd2 Re8 26.h4 Nd6 27.Qe3 Nf5 28.Qd2 c5
29.Bxf5 Rxf5 30.dxc5 Rd5 31.Qf4 bxc5 32.f3 c4 33.Qe3 Ra5 34.a3 Bd5 35.Rfe1
Qf7 36.Rd4 Qg7 37.Bh6 Qh7 38.Bg5 Qg7 39.Bh6 Qh7 1/2-1/2

[Event "20th WCh U20 Girls"]
[Site "Panaji IND"]
[Date "2002.12.20"]
[Round "13"]
[White "Calotescu, Ana-Cristina"]
[Black "Pogonina, Natalia"]
[Result "0-1"]
[WhiteElo "2324"]
[BlackElo "2397"]
[EventDate "2002.12.09"]
[PlyCount "88"]

1.Nf3 Nf6 2.c4 c5 3.g3 Nc6 4.Bg2 d5 5.cxd5 Nxd5 6.Nc3 Nc7 7.O-O e5 8.d3 
Be7 9.Nd2 Bd7 10.Nc4 f6 11.Ne3 O-O 12.Ncd5 Kh8 13.Nxc7 Qxc7 14.Nd5 Qd8 15.
Nxe7 Qxe7 16.Be3 Rac8 17.Qd2 b6 18.Rfc1 Nd4 19.Bxd4 exd4 20.Bf3 Bc6 21.b3 
h6 22.Re1 Qd6 23.Rac1 a5 24.Kg2 f5 25.Qf4 Bxf3+ 26.exf3 Qxf4 27.gxf4 Rce8 
28.Kf1 Kg8 29.Rxe8 Rxe8 30.a4 Kf7 31.Rc2 Kf6 32.Rc1 g5 33.Re1 Rxe1+ 34.
Kxe1 g4 35.Ke2 Kg6 36.Ke1 gxf3 37.Kf1 Kh5 38.Kg1 Kg4 39.Kf1 Kxf4 40.Kg1 
Kg4 41.Kf1 Kh3 42.Kg1 h5 43.Kh1 b5 44.Kg1 b4 0-1

[Event "20th WCh U20 Girls"]
[Site "Panaji IND"]
[Date "2002.12.20"]
[Round "13"]
[White "Humpy, Koneru"]
[Black "Milliet, Sophie"]
[Result "1-0"]
[WhiteElo "2484"]
[BlackElo "2164"]
[EventDate "2002.12.09"]
[PlyCount "77"]

1.Nf3 d5 2.d4 Nf6 3.e3 c6 4.c4 a6 5.b3 Bg4 6.Nbd2 e6 7.Bd3 Nbd7 8.Bb2 Bd6 
9.O-O O-O 10.Qc2 Qb8 11.a4 a5 12.Bc3 Bh5 13.Rfb1 Qc7 14.c5 Be7 15.b4 axb4 
16.Rxb4 b6 17.cxb6 Nxb6 18.Rbb1 Nbd7 19.Ra2 Bg6 20.Bxg6 hxg6 21.Rab2 Rfb8 
22.Rxb8+ Rxb8 23.a5 c5 24.Rxb8+ Nxb8 25.dxc5 Qxc5 26.Nb3 Qc7 27.Qb2 Nc6 
28.Nfd4 Na7 29.Nd2 Nd7 30.g3 Bf6 31.Qb4 Be5 32.Bb2 Bf6 33.N2b3 e5 34.Nf3 
Nc6 35.Qb5 Qd6 36.a6 d4 37.exd4 exd4 38.Qb7 Qd5 39.a7 1-0

[Event "20th WCh U20 Girls"]
[Site "Panaji IND"]
[Date "2002.12.20"]
[Round "13"]
[White "Zhao Xue"]
[Black "Harika, Dronavalli"]
[Result "1-0"]
[WhiteElo "2367"]
[BlackElo "2248"]
[EventDate "2002.12.09"]
[PlyCount "97"]

1.d4 Nf6 2.c4 g6 3.Nc3 d5 4.cxd5 Nxd5 5.g3 Bg7 6.Bg2 Nxc3 7.bxc3 O-O 8.Ba3
Nd7 9.Nf3 c5 10.O-O cxd4 11.Nxd4 Nb6 12.Qb3 Bf6 13.Bb4 Qc7 14.a4 Bd7 15.a5
Nc4 16.a6 Nd2 17.Qd5 Nxf1 18.axb7 Rab8 19.Kxf1 Bxd4 20.cxd4 Be6 21.Qc6 
Qxc6 22.Bxc6 Rfd8 23.Bxe7 Bd5 24.Bxd8 Bxc6 25.Bf6 Rxb7 26.f3 Kf8 27.g4 Ke8
28.g5 Kd7 29.Kf2 Bb5 30.h4 a6 31.h5 Rc7 32.e3 Rc2+ 33.Kg3 Kc7 34.h6 Kd7 
35.Kf4 Rc8 36.d5 Rc2 37.Ra3 Rc7 38.Bd4 Be2 39.e4 Rc8 40.Ke5 Ke7 41.f4 Bb5 
42.Rc3 Rxc3 43.Bxc3 Bd3 44.Bb4+ Ke8 45.Kf6 Bxe4 46.Kg7 f5 47.gxf6 Bxd5 48.
f7+ Bxf7 49.Kxh7 1-0

[Event "20th WCh U20 Girls"]
[Site "Panaji IND"]
[Date "2002.12.20"]
[Round "13"]
[White "Karavade, Eesha"]
[Black "Kosintseva, Tatiana"]
[Result "0-1"]
[WhiteElo "2171"]
[BlackElo "2427"]
[EventDate "2002.12.09"]
[PlyCount "130"]

1.Nf3 f5 2.c4 Nf6 3.g3 g6 4.Bg2 Bg7 5.O-O O-O 6.Nc3 d6 7.d4 Nc6 8.d5 Na5 
9.Qa4 b6 10.Nd4 Bd7 11.Qb4 e5 12.Nc6 Nxc6 13.dxc6 Be6 14.Nd5 e4 15.Rd1 Bf7
16.a4 Be8 17.Qb3 Bxc6 18.Nf4 Re8 19.Be3 Kh8 20.c5 d5 21.Qc2 Qd7 22.h4 b5 
23.axb5 Bxb5 24.c6 Bxc6 25.Rac1 Bb5 26.Qxc7 Red8 27.b3 a6 28.Bd4 Ne8 29.
Bxg7+ Nxg7 30.e3 Qxc7 31.Rxc7 Ne8 32.Rc5 Nf6 33.Bf1 Bxf1 34.Kxf1 Rd6 35.
Rd4 Rad8 36.Ra5 Rc6 37.Nxd5 Ng4 38.Rc4 Rcd6 39.Rd4 Rb8 40.b4 Rc8 41.Rc5 
Rxc5 42.bxc5 Rc6 43.Rc4 Ne5 44.Nb4 Nxc4 45.Nxc6 Nd2+ 46.Ke2 Nb3 47.f3 Nxc5
48.g4 Kg7 49.Kf2 h6 50.Kg3 Kf6 51.fxe4 fxe4 52.Kf4 g5+ 53.hxg5+ hxg5+ 54.
Kg3 Ke6 55.Kf2 Kd5 56.Nd4 Nd3+ 57.Ke2 Ne5 58.Nf5 Nxg4 59.Ne7+ Kc4 60.Nc8 
Nf6 61.Nd6+ Kb4 62.Kd2 g4 63.Nf5 a5 64.Ng3 Kb3 65.Kc1 Kc3 0-1

[Event "20th WCh U20 Girls"]
[Site "Panaji IND"]
[Date "2002.12.20"]
[Round "13"]
[White "Ubiennykh, Ekaterina"]
[Black "Wang Yu"]
[Result "1-0"]
[WhiteElo "2210"]
[BlackElo "2368"]
[EventDate "2002.12.09"]
[PlyCount "93"]

1.e4 e5 2.Nf3 Nc6 3.Bc4 Nf6 4.d3 Be7 5.c3 O-O 6.Bb3 d5 7.Nbd2 h6 8.O-O Bg4
9.Re1 dxe4 10.dxe4 Bc5 11.h3 Bh5 12.g4 Bg6 13.Nh4 Bh7 14.Nf5 Qd3 15.Kg2 
Rad8 16.Bc4 Qd7 17.b4 Bxf5 18.gxf5 Nxb4 19.cxb4 Bxb4 20.Rb1 Bxd2 21.Qxd2 
Qxd2 22.Bxd2 Rxd2 23.Rxb7 c6 24.Rxa7 Rd4 25.Bb3 c5 26.Rc7 Nxe4 27.Bc2 Nd6 
28.Rxc5 e4 29.a4 Ra8 30.Rd1 Rxd1 31.Bxd1 Kf8 32.Kg3 Ke7 33.Kf4 Kd7 34.a5 
Nb7 35.Ba4+ Kd6 36.Rc6+ Kd5 37.Rc7 Nd8 38.Rd7+ Kc5 39.Bc2 g5+ 40.Kg4 Nc6 
41.Rc7 Rxa5 42.Bxe4 Ra2 43.Rxc6+ Kd4 44.Rc2 Ra1 45.Bf3 Rg1+ 46.Kh5 Ke5 47.
Bg4 1-0

[Event "20th WCh U20 Girls"]
[Site "Panaji IND"]
[Date "2002.12.20"]
[Round "13"]
[White "Makka, Ioulia"]
[Black "Tania, Sachdev"]
[Result "0-1"]
[WhiteElo "2257"]
[BlackElo "2189"]
[EventDate "2002.12.09"]
[PlyCount "62"]

1.e4 c5 2.Nf3 e6 3.b3 d6 4.c4 Nf6 5.Nc3 Be7 6.d4 cxd4 7.Nxd4 a6 8.Bb2 Bd7 
9.Bd3 Nc6 10.Nc2 O-O 11.O-O Qb8 12.a4 Qc7 13.Kh1 Ne5 14.Be2 Bc6 15.f4 Ned7
16.Bd3 Nc5 17.Nd4 Bxe4 18.Nxe4 Ncxe4 19.b4 Qb6 20.Qe1 d5 21.cxd5 Bxb4 22.
Qe3 Bd2 23.Qe2 Qxb2 24.Bxe4 Qxd4 25.Bf3 Qe3 26.Qd1 exd5 27.Ra2 Bc3 28.Ra3 
d4 29.Bxb7 Rab8 30.Bxa6 Rb2 31.Qd3 Ng4 0-1

[Event "20th WCh U20 Girls"]
[Site "Panaji IND"]
[Date "2002.12.20"]
[Round "13"]
[White "Jackova, Jana"]
[Black "Delphin, C."]
[Result "0-1"]
[WhiteElo "2361"]
[BlackElo "2084"]
[EventDate "2002.12.09"]
[PlyCount "86"]

1.e4 c5 2.Nf3 Nc6 3.d4 cxd4 4.Nxd4 Nf6 5.Nc3 e5 6.Ndb5 d6 7.Bg5 a6 8.Na3 
b5 9.Bxf6 gxf6 10.Nd5 Bg7 11.c3 f5 12.exf5 Bxf5 13.Nc2 Ne7 14.Nce3 Be6 15.
g3 Nxd5 16.Nxd5 O-O 17.Bg2 a5 18.O-O f5 19.a4 Rb8 20.Qd2 Rf7 21.axb5 Rxb5 
22.c4 Rc5 23.Rfc1 e4 24.Nf4 Bc8 25.Rc2 Be5 26.Kh1 Bxf4 27.gxf4 Be6 28.f3 
e3 29.Qxe3 Bxc4 30.Rac1 Qe7 31.Qg1 Be6 32.Rxc5 dxc5 33.Rxc5 a4 34.Re5 Qf6 
35.Bf1+ Kh8 36.Qe3 Bb3 37.Bd3 Qg6 38.Rc5 Qe6 39.Re5 Qg6 40.Ra5 Rg7 41.Ra8+
Bg8 42.Bf1 h6 43.Rxa4 Bd5 0-1